Mondo bene : diario degli anni sessanta /

সংরক্ষণ করুন:
গ্রন্থ-পঞ্জীর বিবরন
প্রধান লেখক: Barbieri, Renzo (লেখক)
বিন্যাস: গ্রন্থ
ভাষা:ইতালিয়
প্রকাশিত: [Milano! : P. Lazzarini, 1964
ট্যাগগুলো: ট্যাগ যুক্ত করুন
কোনো ট্যাগ নেই, প্রথমজন হিসাবে ট্যাগ করুন!

MARC

LEADER 00000nam a22000001i 4500
001 IT\ICCU\SBL\0263258
003 ItRI
005 20260115232339.0
008 910930s1964 it |||||| ||||| |||||c
015 |2 IT  |a 643413 
040 |b ita  |c importazione bologna sebina 
041 7 |a ita  |2 ISO-639-2 
082 |a 858.91  |9 MISCELLANEA DI LETTERATURA ITALIANA, SEC. 20.  |2 16 
100 1 |a Barbieri, Renzo  |0 IT\ICCU\CFIV\007331  |4 aut 
245 1 0 |a Mondo bene :  |b diario degli anni sessanta /  |c Renzo Barbieri. 
260 |a [Milano! :  |b P. Lazzarini,  |c 1964 
300 |a 176 p. ;  |c 18 cm. 
942 |2 ddc  |c BK  |n 0 
952 |0 0  |1 0  |4 0  |6 DOC_857_914000000000000_BAR  |7 0  |9 24582  |a BO  |b BO  |d 2026-01-15  |i 632  |l 0  |o DOC 857.914 BAR  |p BO632  |r 2026-01-15 23:23:39  |w 2026-01-15  |x [Sebina 7] [1 v.]  |y BK  |z 1 v. 
999 |c 20915  |d 20915